| 000 | 01032cam a2200337 a 4500 | ||
|---|---|---|---|
| 001 | 10130028 | ||
| 003 | ARRUPE | ||
| 005 | 20161017104510.0 | ||
| 008 | 120521s2013 ctu b 001 0 eng | ||
| 010 | _a 2012020811 | ||
| 020 | _a9780300154160 (alk. paper) | ||
| 020 | _a030015416X (alk. paper) | ||
| 024 | _a40021757158 | ||
| 035 |
_a(OCoLC)785865186 _z(OCoLC)810947219 |
||
| 035 | _a(OCoLC)ocn785865186 | ||
| 035 | _a(NNC)10130028 | ||
| 040 |
_aDLC _beng _cDLC _dYDX _dBTCTA _dOCLCO _dYDXCP _dUKMGB _dBDX |
||
| 042 | _apcc | ||
| 050 | 0 | 0 |
_aBL430 _b.N57 2012 |
| 082 | 0 | 0 |
_a200.9 _223 |
| 100 | 1 |
_aNongbri, Brent, _d1977- _926762 |
|
| 245 | 1 | 0 |
_aBefore religion : _ba history of a modern concept / _cBrent Nongbri. |
| 260 |
_aNew Haven : _bYale University Press, _cc2013. |
||
| 300 |
_aix, 275 p.; _c22 cm. |
||
| 504 | _aIncludes bibliographical references and index. | ||
| 650 | 0 |
_aReligion _xHistory. _911184 |
|
| 942 |
_2lcc _cMONOGRAPH |
||
| 948 | 1 |
_a20130112 _bc _cybp21 _dMPS |
|
| 949 | _i0073184381 | ||
| 999 |
_c125516 _d125516 |
||